Tres ciudades santas (notice nᵒ 5323)
[ vue normale ]
| 000 -Sello discográfico | |
|---|---|
| campo de control de longitud fija | 01382nam0a2200373 4500 |
| 005 - Identificación de versión | |
| campo de control | 20251016084445.0 |
| 010 ## - Número Estándar Internacional de Libros (ISBN) | |
| Número (ISBN) | 968-597-149-8 (obra) |
| 010 ## - Número Estándar Internacional de Libros (ISBN) | |
| Número (ISBN) | 978-970-31-0689-9 (colección) |
| 035 ## - Otros números de control del sistema | |
| Número de control del sistema | 33273 |
| 099 ## - fechas locales | |
| Tipo de ítem Koha | LIBRO |
| 100 ## - Datos de procesamiento general | |
| Datos de procesamiento general | 20111108d20081980m y0spay5003 ba |
| 101 1# - Idioma del recurso | |
| Idioma del texto, banda sonora, etc. | Español; Castellano |
| Idioma de la obra original | Francés |
| 105 ## - Campo de datos codificados: Material textual, monográfico | |
| Datos codificados de monografía | y 001cy |
| 200 1# - Título y mención de responsabilidad | |
| Título propio | Tres ciudades santas |
| Designación general del material | texto impreso |
| Primer mención de responsabilidad | J.M.G. Le Clézio |
| Declaración de responsabilidad subsiguiente | traducción Leonor Tejada |
| -- | nota introductoria Juan Villoro |
| 205 ## - Declaración de edición | |
| Declaración de edición | 1a reimpr de la 1a ed |
| 210 ## - Publicación, distribución, etc. | |
| Lugar de publicación, distribución, etc. | México |
| Nombre del editor, distribuidor, etc. | Universidad Autónoma Metropolitana, Unidad Xochimilco |
| Fecha de publicación, distribución, etc. | 2008 |
| 215 ## - Descripción física | |
| Designación de material específico y extensión del ítem | 59 p |
| Dimensiones | 18 cm |
| 345 ## - Nota de información de adquisición | |
| Fuente de adquisición/dirección de la suscripción [OBSOLETO] | Donación 'Salon du Livre 2009' |
| 410 #1 - Series | |
| Título | Colección Molinos de Viento |
| Nombre de parte o sección | Serie Ensayo |
| Número de volumen | 7 |
| 454 #1 - Traducción de | |
| Título | Trois villes saintes |
| 606 ## - Término temático usado como materia | |
| Elemento de entrada | Mayas |
| Subdivisión temática | Historia |
| Número Koha | 1340 |
| 606 ## - Término temático usado como materia | |
| Elemento de entrada | Mitología maya |
| Número Koha | 10585 |
| 607 ## - Nombre geográfico utilizado como tema | |
| Elemento de entrada | Felipe Carrillo Puerto (Quintana Roo) |
| Subdivisión temática | Historia |
| Número Koha | 10586 |
| 607 ## - Nombre geográfico utilizado como tema | |
| Elemento de entrada | Yucatán (México) |
| Subdivisión temática | Descripción y viajes |
| -- | Miscelánea |
| Número Koha | 10587 |
| 700 ## - Nombre personal - Responsabilidad primaria | |
| Elemento de entrada | Clézio |
| Parte del nombre distinta del elemento de entrada | Jean-Marie Gustave le |
| Fechas | 1940- |
| Número Koha | 3899 |
| 702 ## - Nombre personal - Responsabilidad secundaria | |
| Elemento de entrada | Tejada Conde-Pelavo |
| Parte del nombre distinta del elemento de entrada | Leonor |
| Fechas | 1917- |
| Número Koha | 10588 |
| 702 ## - Nombre personal - Responsabilidad secundaria | |
| Elemento de entrada | Villoro Ruiz |
| Parte del nombre distinta del elemento de entrada | Juan Antonio |
| Fechas | 1956- |
| Número Koha | 6005 |
| 801 #0 - Fuente de origen | |
| País | FR |
| Agencia | cm |
| Reglas de catalogación (convenciones descriptivas) | AFNOR |
| 900 ## - | |
| -- | 1/20785 |
| 942 ## - ELEMENTOS DE ENTRADA SECUNDARIOS (KOHA) | |
| Tipo de ítem Koha | Livre |
| 996 ## - | |
| -- | MEX |
| -- | 751145101 |
| -- | MMAG |
| -- | 000703 |
| -- | 972.01 C635T |
| -- | 20111108LIV |
| Estatus retirado | Estado de daño | Estado de pérdida | Fecha de adquisición | Biblioteca de origen | Biblioteca actual | Ubicación en estantería | Código de barras | Precio de reemplazo | Signatura topográfica completa | No para préstamo | Tipo de ítem Koha | Nota pública | Nota no pública |
|---|---|---|---|---|---|---|---|---|---|---|---|---|---|
| 05/08/2025 | Casa México Paris | Casa México Paris | 000703 | 05/08/2025 | 972.01 C635T | Livre | 20111108LIV | 751145101 |